000 06107cam a22018254i 4500
003 PE-LiUPU
005 20250813165738.0
008 150706s2008 xxua rb 000 0 eng d
020 _a9780781791693
035 _a(Sirsi) i9780781791693
040 _aPE-LiUPU
_bspa
_cPE-LiUPU
_dPE-LiUPU
_erda
049 _aPRUA
082 0 4 _a616.89
_bP
_221
245 0 0 _aPsychiatric nursing /
_cEditado, Mary Ann Boyd.
250 _a4a edición.
264 1 _aFiladelfia :
_bWolters Kluwer,
_c2008.
300 _a952 páginas :
_bilustraciones ;
_c29 centímetros
300 _aCD-ROM
336 _atext
_2rdacontent
337 _aunmediated
_2rdamedia
338 _avolume
_2rdacarrier
504 _aIncluye referencias bibliográficas.
505 0 _aNature of Mental Health and Mental Illness -- Stigma, Social Change and Mental Health -- Classification of Mental Illnesses and Evidence-Based Nursing Care -- Patient Rights and Legal Issues -- Mental Health Care in the Community -- Principles of Psychiatric Nursing -- Frameworks, Ethics, and Standards of Psychiatric Nursing -- Psychosocial Theoretic Basis of Psychiatric Nursing -- The Biologic Foundations of Psychiatric Nursing -- Psychopharmacology and Biologic Interventions -- Contemporary Psychiatric Nursing Practice -- Communication and the Therapeutic Relationship -- The Nursing Process: Assessment, Diagnoses, Outcomes, Interventions, Evaluation -- Cognitive Interventions in Psychiatric Nursing -- Interventions with Groups -- Family Assessment and Interventions -- Mental Health Promotion -- Stress and Mental Health -- Cultural and Spiritual Issues Related to Mental Health Care -- Mental Health Promotion of the Young and Middle-Aged Adult -- Suicide: A Major Mental Health Problem -- Care of Persons with Psychiatric Disorders -- Schizophrenia -- Schizoaffective, Delusional and Other Psychotic Disorders -- Mood Disorders: Management of Moods & Suicidal Behavior -- Anxiety Disorders -- Personality and Impulse-Disorders: Meaning of Behavior -- Somatoform and Related Disorders -- Eating Disorders -- Substance Related Disorders -- Sleep Disorders -- Children and Adolescents -- Mental Health Assessment of Children and Adolescents -- Mental Health Promotion with Children and Adolescents -- Psychiatric Disorders Diagnosed in Childhood and Adolescence -- Older Adults -- Mental Health Assessment of the Elderly -- Mental Health Promotion with the Elderly -- Delirium, Dementias, and Related Disorders -- Care of Special Populations -- Care of People Who are Homeless and Mentally Ill -- Issues of Dual Diagnosis -- Care of the Mentally Ill in Forensic Settings -- Psychosocial Aspects of Medically Compromised Persons -- Care Challenges in Psychiatric Nursing -- Crisis, Grief, and Disaster Management -- Management of Anger, agression, and Violence -- Caring for Abused Persons.
526 _aP203
526 _aP200
526 _aSEG65
526 _aSEG64
526 _aSEG63
526 _aSEG62
526 _aSEG61
526 _aSEG60
526 _aSEG59
526 _aSEG58
526 _aSEG57
526 _aSEG56
526 _aSEG55
526 _aSEG54
526 _aSEG53
526 _aSEG52
526 _aSEG51
526 _aSEG50
526 _aSEG49
526 _aSEG48
526 _aSEG47
526 _aSEG46
526 _aSEG24
526 _aSEG23
526 _aSEG22
526 _aSEG21
526 _aSEG20
526 _aSEG19
526 _aSEG18
526 _aSEG17
526 _aSEG16
526 _aSEG14
526 _aSEG13
526 _aSEG12
526 _aSEG11
526 _aSEG10
526 _aSEG09
526 _aSEG06
526 _aSEG05
526 _aSEG04
526 _aSEG03
526 _aSEG02
526 _aSEG68
526 _aSEG66
526 _aSEG45
526 _aSEG25
526 _aSEG01
526 _aP163
526 _aP162
526 _aP161
526 _aP160
526 _aP159
526 _aP158
526 _aP157
526 _aP156
526 _aP155
526 _aP154
526 _aP153
526 _aP152
526 _aP151
526 _aP150
526 _aP149
526 _aP142
526 _aP141
526 _aP140
526 _aP139
526 _aP138
526 _aP137
526 _aP132
526 _aP131
526 _aP130
526 _aP126
526 _aP125
526 _aP124
526 _aP123
526 _aP115
526 _aP122
526 _aP121
526 _aP116
526 _a P114
526 _aP112
526 _aP111
526 _aP104
526 _aP103
526 _aP102
526 _aP101
526 _aP100
526 _aP96
526 _aP95
526 _aP93
526 _aP92
526 _aP91
526 _aP88
526 _aP83
526 _aP82
526 _aP79
526 _aP78
526 _aP75
526 _aP74
526 _aP71
526 _aP69
526 _a P51
526 _aP49
526 _aP48
526 _aP47
526 _aP33
526 _aP31
526 _a P30
526 _aP29
526 _aP27
526 _aP26
526 _aP25
526 _aP24
526 _a P22
526 _aP10
526 _aP09
526 _a P08
526 _aP06
526 _aP05
526 _aP04
526 _aP01
541 _g001-000697;
650 0 4 _aCuidados de enfermeria
_xMétodos.
650 0 4 _aDesórdenes mentales
_xEnfermería.
700 1 _aBoyd, Mary Ann,
_eeditor.
910 _agl
_bjv
_clch
_d20090820
942 _2ddc
_cBOOK
949 _a616.89 P
_wDEWEY
_c1
_i59919
_lCCODEBUL1
_mBUL
_p55.00
_r0
_sY
_tBOOK
_u2015-7-6
_xSALUD
_PP22
_o.STAFF. Colección Ciencias de la Salud
994 _aC0
_bPEPRU
596 _a1
999 _a616.89 P
_wDEWEY
_c49446
_i59919
_e2017-6-12
_f2021-11-4
_g5
_lCCODEBUL1
_mBUL
_n4
_p55.00
_r0
_sY
_tBOOK
_u2015-7-6
_xSALUD
_zP22
_0COMPRA
_o.STAFF. Colección Ciencias de la Salud
_d49446
980 _81
_gALBERTO SANCHEZ Responsable de Automatización